BIBLIOTHÈQUE DE LA MAISON DU MEXIQUE

Logo 1 Logo 2

Movimientos de resistencia y rebeliones indígenas en el norte de México (notice nᵒ 533)

détails MARC
000 -Sello discográfico
campo de control de longitud fija 01236nam a2200349 4500
005 - Identificación de versión
campo de control 20251016082255.0
010 ## - Número Estándar Internacional de Libros (ISBN)
Número (ISBN) 968-36-0773-X
035 ## - Otros números de control del sistema
Número de control del sistema 18690
099 ## - fechas locales
Tipo de ítem Koha LIBRO
100 ## - Datos de procesamiento general
Datos de procesamiento general 19950918d1989 m y1spay5003 ba
105 ## - Campo de datos codificados: Material textual, monográfico
Datos codificados de monografía a 001zy
200 1# - Título y mención de responsabilidad
Título propio Movimientos de resistencia y rebeliones indígenas en el norte de México
Designación general del material texto impreso
Otra información del título 1680-1821
Primer mención de responsabilidad José Luis Mirafuentes Galván
205 ## - Declaración de edición
Declaración de edición 2a ed aumentada
210 ## - Publicación, distribución, etc.
Lugar de publicación, distribución, etc. México
Nombre del editor, distribuidor, etc. Universidad Nacional Autónoma de México, Instituto de Investigaciones Históricas
Fecha de publicación, distribución, etc. 1989
215 ## - Descripción física
Designación de material específico y extensión del ítem v
Otras características físicas mapas
Dimensiones 23 cm
300 ## - Notas generales
Texto de la nota La biblioteca tiene únicamente el v.1
320 ## - Nota de índices/bibliografías internas
Texto de la nota Bibliografía: p.215-249
327 ## - Nota de contenidos
Texto de la nota v.1: Guía documental
345 ## - Nota de información de adquisición
Fuente de adquisición/dirección de la suscripción [OBSOLETO] Donación de la UNAM
410 #1 - Series
Título Serie Bibliográfica
Número de volumen 8
606 ## - Término temático usado como materia
Elemento de entrada Indios de México
Subdivisión temática Relaciones con el gobierno
Número Koha 414
607 ## - Nombre geográfico utilizado como tema
Elemento de entrada México
Subdivisión temática Historia
-- Bibliografía
Número Koha 1546
660 ## - Código de área geográfica
Código MX
700 ## - Nombre personal - Responsabilidad primaria
Elemento de entrada Mirafuentes Galván
Parte del nombre distinta del elemento de entrada José Luis
Número Koha 1547
801 #0 - Fuente de origen
Agencia cm
900 ## -
-- 1/11903
900 ## -
-- 71095812\\\180995
942 ## - ELEMENTOS DE ENTRADA SECUNDARIOS (KOHA)
Tipo de ítem Koha Livre
996 ## -
-- MEX
-- 751145101
-- MMAG
-- 005624
-- 972.01 M671M V.1
-- 20211221LIV
Exemplaires
Estatus retirado Estado de daño Estado de pérdida Fecha de adquisición Biblioteca de origen Biblioteca actual Ubicación en estantería Código de barras Precio de reemplazo Signatura topográfica completa No para préstamo Tipo de ítem Koha Nota pública Nota no pública
      05/08/2025 Casa México Paris Casa México Paris   005624 05/08/2025 972.01 M671M V.1   Livre 20211221LIV 751145101